| 000 | 00608nam a2200217Ia 4500 | ||
|---|---|---|---|
| 005 | 20250129053817.0 | ||
| 008 | 240331s9999 xx 000 0 und d | ||
| 020 | _a08030030 (ISSN) | ||
| 082 |
_bANG _23154 _a304.2 |
||
| 100 | _aAngelsen, A | ||
| 100 | _aFjeldstad, O-H | ||
| 100 | _aSumaila, U. R | ||
| 245 | 0 | _aProject Appraisal and Sustainability in Less Developed Countries | |
| 260 |
_aBergen _bChr. Michelsen Institute _c1994 |
||
| 300 | _avii, 136 p., | ||
| 650 | _aDeveloped Countries | ||
| 650 | _aSustainable Development | ||
| 650 | _aEnvironment | ||
| 650 | _aEconomic Growth | ||
| 942 | _cL | ||
| 999 |
_c1331 _d1331 |
||